000 00631nam a2200205Ia 4500
008 240729s9999 xx 000 0 und d
022 _a2665-9085
245 0 _aComputational Communication Research
260 _aNetherlands
260 _bAmsterdam University Press
650 _a Communication. Mass media | Science
650 _a Electronic computers. Computer science
650 _a Instruments and machines
650 _a Mathematics
650 _a Philology. Linguistics
650 _aLanguage and Literature
856 _uhttps://doaj.org/toc/2c3f488908234bbe89cce5337afbc2a1
942 _2ddc
942 _cDOAJEJ
999 _c69215
_d69215
945 _a1
_bMadushi Gamage
_c1
_dMadushi Gamage